000 00607nam a2200181 a 4500
005 20140412111338.0
008 031007s19uu xx 00 eng d
020 _a0-590-96380-5
050 _aTR(GS 372.414
_bB56 1996
100 _aBlevins, Wiley
245 _aQuick-and-easy learning games: Phonics (grades 1-3) /
_cby Wiley Blevins.
260 _aJefferson City, MO :
_bScholastic Professional Books,
_c1996.
300 _a48 p. ; ill.
650 _aPhonics--Study and teaching
650 _aPhonics activities--Juvenile literature
650 _aReadiness & methods of instruction
999 _c105074
_d105074